Evropská družstva vzdělávání a výchova
Saved in:
| Main Author: | |
|---|---|
| Other Authors: | , , , |
| Format: | Book |
| Language: | Czech Slovak |
| Published: |
Zeleneč
Profess Consulting
2008
|
| Subjects: | |
| Tags: |
No Tags, Be the first to tag this record!
|
MARC
| LEADER | 00000nlm$a2200000$$$4500 | ||
|---|---|---|---|
| 001 | 0084372 | ||
| 005 | 20250130115509.6 | ||
| 020 | |a 978-80-7259-041-4 | ||
| 041 | 0 | |a cze | |
| 041 | 0 | |a slo | |
| 044 | |a CZ | ||
| 245 | 1 | 0 | |a Evropská družstva |b vzdělávání a výchova |c Marie Hesková, Kamil Pícha, Elena Šúbertová |
| 264 | 1 | |a Zeleneč |b Profess Consulting |c 2008 | |
| 300 | |a CD-ROM, [156] s. | ||
| 500 | |a Monografia bola spracovaná na základe výstupu medzinárodného projektu Co-operative curriculum for adult education in Europe podporeného programom Socrates Grundtvig. | ||
| 610 | 2 | 0 | |a družstevníctvo |
| 610 | 2 | 0 | |a družstvá |
| 610 | 2 | 0 | |a Európa |
| 610 | 2 | 0 | |a vzdelávanie |
| 610 | 2 | 0 | |a výchova |
| 100 | 1 | |a Hesková, Marie | |
| 700 | 1 | |a Pícha, Kamil | |
| 700 | 1 | |a Šúbertová, Elena | |
| 700 | 1 | |a Svoboda, Jiří | |
| 700 | 1 | |a Papulová, Emília | |